| 000 | 00653nam a2200229Ia 4500 | ||
|---|---|---|---|
| 003 | GCL | ||
| 008 | 140319s9999 xx 000 0 ara d | ||
| 040 |
_aGCL / _cGCL |
||
| 082 | 0 | 4 |
_a922.1 _bا ز |
| 100 | 1 | _aاحمد امين | |
| 245 | 1 | 0 |
_aزعماء الاصلاح فى العصر الحديث / _cاحمد امين |
| 260 |
_a[S.N] : _bمكتبة النهضة المصرية ، _c1965 |
||
| 300 | _a349 ص | ||
| 490 | _a | ||
| 650 | 0 | 4 | _aالاسلام |
| 650 | 0 | 4 | _aالوطن العربى |
| 650 | 0 | 4 | _aالتراجم |
| 650 | 0 | 4 | _aالدين |
| 650 | 0 | 4 | _aالاصلاح الدينى |
| 650 | 0 | 4 | _aالمصلحون |
| 942 |
_2ddc _cBK |
||
| 999 |
_c58479 _d58479 |
||